Statistics for All Administrative Divisions of Countries Pt. 2

Click here to take the quiz!

General Stats

  • This quiz has been taken 10 times
  • The average score is 147 of 489

Answer Stats

CountryAnswer% Correct
ColombiaBogota
100%
Democratic Republic of the CongoKinshasa
100%
CyprusNicosia
100%
Chile | Dominican RepublicSantiago
100%
ChinaTibet
100%
EgyptAswan
89%
ChinaBeijing
89%
EgyptCairo
89%
FijiEastern
89%
ChinaInner Mongolia
89%
ChadN'Djamena
89%
FijiNorthern
89%
Czech RepublicPrague
89%
ChinaTianjin
89%
Fiji | GambiaWestern
89%
Ivory CoastAbidjan
78%
EgyptAlexandria
78%
ChileAtacama
78%
Central African RepublicBangui
78%
FranceBretagne
78%
FijiCentral
78%
DjiboutiDjibouti
78%
FranceFrench Guiana
78%
ChinaHebei
78%
ChinaHong Kong
78%
ChinaHubei
78%
ChinaMacau
78%
CyprusPaphos
78%
FranceProvence-Alpes-Côte d'Azur
78%
Costa RicaSan José
78%
ChinaShanghai
78%
ChileValparaíso
78%
Ivory CoastYamoussoukro
78%
CroatiaZadar
78%
CroatiaZagreb
78%
GeorgiaAbkhazia
67%
ChinaAnhui
67%
ChinaChongqing
67%
East TimorDili
67%
DenmarkFaroe Islands
67%
ChinaFujian
67%
DenmarkGreenland
67%
ChinaGuangdong
67%
ChinaHainan
67%
FranceHauts-de-France
67%
ChinaHunan
67%
FranceÎle-de-France
67%
ChinaJilin
67%
CyprusLarnaca
67%
ChinaLiaoning
67%
CyprusLimassol
67%
FranceNormandy
67%
El SalvadorSan Salvador
67%
Dominican RepublicSanto Domingo
67%
ChinaShaanxi
67%
ChinaShanxi
67%
EgyptSuez
67%
GeorgiaTbilisi
67%
EthiopiaAddis Ababa
56%
ColombiaAmazonas
56%
EgyptAsyut
56%
Republic of the CongoBrazzaville
56%
FranceCentre-Val de Loire
56%
ChinaGansu
56%
FranceGrand Est
56%
FranceGuadeloupe
56%
ChinaGuizhou
56%
ChinaHeilongjiang
56%
ChinaHenan
56%
CroatiaIstria
56%
ChinaJiangsu
56%
Costa RicaLimón
56%
EgyptLuxor
56%
FranceMartinique
56%
FranceNouvelle-Aquitaine
56%
FranceOccitanie
56%
Czech RepublicPlzeň
56%
FranceRéunion
56%
ChinaShandong
56%
ChinaSichuan
56%
CroatiaSplit-Dalmatia
56%
EthiopiaTigray
56%
ChinaYunnan
56%
ChinaZhejiang
56%
FranceAuvergne-Rhône-Alpes
44%
ChileAysén
44%
ColombiaCórdoba
44%
FranceCorsica
44%
CroatiaDubrovnik-Neretva
44%
CyprusFamagusta
44%
EgyptGiza
44%
CubaGuantánamo
44%
ChinaJiangxi
44%
CroatiaKarlovac
44%
CubaLa Habana
44%
FranceMayotte
44%
Democratic Republic of the CongoNord-Ubangi
44%
EgyptNorth Sinai
44%
CroatiaOsijek-Baranja
44%
EgyptPort Said
44%
ChinaQinghai
44%
CubaSantiago de Cuba
44%
DenmarkSjælland
44%
EthiopiaSomali
44%
EgyptSouth Sinai
44%
Democratic Republic of the CongoTanganyika
44%
EstoniaTartu
44%
Democratic Republic of the CongoTshopo
44%
ChinaXinjiang Uyghur
44%
Costa RicaAlajuela
33%
FinlandÅland Islands
33%
ColombiaAntioquia
33%
ChileAntofagasta
33%
ColombiaAtlántico
33%
GambiaBanjul
33%
Democratic Republic of the CongoBas-Uele
33%
ChadBatha
33%
Colombia | EcuadorBolívar
33%
FranceBourgogne-Franche-Comté
33%
CubaCamagüey
33%
Costa RicaCartago
33%
ColombiaCauca
33%
Czech RepublicCentral Bohemian
33%
FinlandCentral Finland
33%
ColombiaCesar
33%
ColombiaChocó
33%
CubaCienfuegos
33%
ColombiaCundinamarca
33%
EgyptDamietta
33%
Democratic Republic of the CongoÉquateur
33%
Costa RicaGuanacaste
33%
ChinaGuangxi Zhuang
33%
ColombiaGuaviare
33%
Democratic Republic of the CongoHaut-Katanga
33%
Democratic Republic of the CongoHaut-Uele
33%
Costa RicaHeredia
33%
ColombiaHuila
33%
EgyptIsmailia
33%
Democratic Republic of the CongoIturi
33%
Czech RepublicKarlovy Vary
33%
Democratic Republic of the CongoKasaï
33%
Democratic Republic of the CongoKasaï-Central
33%
Democratic Republic of the CongoKasaï-Oriental
33%
Democratic Republic of the CongoKongo Central
33%
Democratic Republic of the CongoKwango
33%
Democratic Republic of the CongoKwilu
33%
CyprusKyrenia
33%
Democratic Republic of the CongoManiema
33%
CubaMayabeque
33%
CroatiaMedimurje
33%
ColombiaMeta
33%
Czech RepublicMoravian-Silesian
33%
ChinaNingxia Hui
33%
ColombiaNorte de Santander
33%
FinlandNorth Karelia
33%
Democratic Republic of the CongoNorth Kivu
33%
Czech RepublicOlomouc
33%
EstoniaPärnu
33%
FrancePays de la Loire
33%
CubaPInar Del Río
33%
Republic of the CongoPointe-Noire
33%
CroatiaPožega-Slavonia
33%
CroatiaPrimorje-Gorski Kotar
33%
Costa RicaPuntarenas
33%
ColombiaPutumayo
33%
EgyptRed Sea
33%
ChadSalamat
33%
Dominican RepublicSan Juan
33%
Democratic Republic of the CongoSankuru
33%
ColombiaSantander
33%
CroatiaŠibenik-Knin
33%
ChadSila
33%
Czech RepublicSouth Bohemian
33%
FinlandSouth Karelia
33%
Democratic Republic of the CongoSouth Kivu
33%
Czech RepublicSouth Moravian
33%
ColombiaSucre
33%
Democratic Republic of the CongoSud-Ubangi
33%
ChadTibesti
33%
ColombiaTolima
33%
Democratic Republic of the CongoTshuapa
33%
Czech RepublicÚstí nad Labem
33%
ColombiaValle del Cauca
33%
CroatiaVaraždin
33%
ColombiaVaupés
33%
ColombiaVichada
33%
CroatiaVukovar-Srijem
33%
GeorgiaAdjara
22%
EthiopiaAfar
22%
EthiopiaAmhara
22%
ComorosAnjouan
22%
ColombiaArauca
22%
ChileArica and Parinacota
22%
CubaArtemisa
22%
ChadBahr el Gazel
22%
Central African RepublicBamingui-Bangoran
22%
Ivory CoastBas-Sassandra
22%
Central African RepublicBasse-Kotto
22%
EgyptBeheira
22%
ChileBiobío
22%
CroatiaBjelovar-Bilogora
22%
ChadBorkou
22%
Republic of the CongoBouenza
22%
ColombiaBoyacá
22%
CroatiaBrod-Posavina
22%
ColombiaCaldas
22%
ColombiaCapital District
22%
ColombiaCaquetá
22%
ColombiaCasanare
22%
ChadChari-Baguirmi
22%
EcuadorChimborazo
22%
CubaCiego de Ávila
22%
CroatiaCity of Zagreb
22%
Ivory CoastComoé
22%
ChileCoquimbo
22%
Republic of the CongoCuvette
22%
Republic of the CongoCuvette-Ouest
22%
Ivory CoastDenguélé
22%
EthiopiaDire Dawa
22%
ChadEnnedi-Est
22%
ChadEnnedi-Ouest
22%
Ivory CoastGôh-Djiboua
22%
ComorosGrande Comore
22%
CubaGranma
22%
ColombiaGuainía
22%
ChadGuéra
22%
ChadHadjer-Lamis
22%
EthiopiaHarari
22%
Central African RepublicHaute-Kotto
22%
Democratic Republic of the CongoHaut-Lomami
22%
Central African RepublicHaut-Mbomou
22%
CubaHolguín
22%
DenmarkHovedstaden
22%
Czech RepublicHradec Králové
22%
Dominican RepublicIndependencia
22%
CubaIsla de la Juventud
22%
ChadKanem
22%
Central African RepublicKémo
22%
CroatiaKoprivnica-Križevci
22%
Republic of the CongoKouilou
22%
CroatiaKrapina-Zagorje
22%
ChadLac
22%
Ivory CoastLacs
22%
ColombiaLa Guajira
22%
Ivory CoastLagunes
22%
El SalvadorLa Paz
22%
CubaLas Tunas
22%
Republic of the CongoLékoumou
22%
Czech RepublicLiberec
22%
CroatiaLika-Senj
22%
Republic of the CongoLikouala
22%
Central African RepublicLobaye
22%
ChadLogone Occidental
22%
ChadLogone Oriental
22%
Democratic Republic of the CongoLomami
22%
ChileLos Lagos
22%
Chile | EcuadorLos Ríos
22%
Democratic Republic of the CongoLualaba
22%
ChileMagallanes
22%
ColombiaMagdalena
22%
Democratic Republic of the CongoMai-Ndombe
22%
Central African RepublicMambéré-Kadéï
22%
ChadMandoul
22%
CubaMatanzas
22%
ChileMaule
22%
ChadMayo-Kebbi Est
22%
ChadMayo-Kebbi Ouest
22%
Central African RepublicMbomou
22%
DenmarkMidtjylland
22%
ComorosMohéli
22%
Democratic Republic of the CongoMongala
22%
Ivory CoastMontagnes
22%
EgyptMonufia
22%
ChadMoyen-Chari
22%
Central African RepublicNana-Grébizi
22%
Central African RepublicNana-Mambéré
22%
ColombiaNariño
22%
EgyptNew Valley
22%
Republic of the CongoNIari
22%
DenmarkNordjylland
22%
ChileÑuble
22%
ChileO'Higgins
22%
Central African RepublicOmbella-M'Poko
22%
EthiopiaOromia
22%
FinlandOstrobothnia
22%
ChadOuaddaï
22%
Central African RepublicOuaka
22%
Central African RepublicOuham
22%
Central African RepublicOuham-Pendé
22%
Czech RepublicPardubice
22%
Republic of the CongoPlateaux
22%
Republic of the CongoPool
22%
EgyptQalyubia
22%
EgyptQena
22%
ColombiaQuindío
22%
ColombiaRisaralda
22%
EstoniaSaare
22%
DominicaSaint Andrew
22%
ColombiaSan Andrés y Providencia
22%
CubaSancti Spíritus
22%
Republic of the CongoSangha
22%
Central African RepublicSangha-Mbaéré
22%
Ivory CoastSassandra-Marahoué
22%
Ivory CoastSavanes
22%
CroatiaSisak-Moslavina
22%
EgyptSohag
22%
EthiopiaSouthern Nations, Nationalities, and Peoples' Region
22%
FinlandSouthwest Finland
22%
DenmarkSyddanmark
22%
ChadTandjilé
22%
ChileTarapacá
22%
Central African RepublicVakaga
22%
Ivory CoastVallée du Bandama
22%
CubaVilla Clara
22%
CroatiaVirovitica-Podravina
22%
Czech RepublicVysočina
22%
ChadWadi Fira
22%
Ivory CoastWoroba
22%
Ivory CoastZanzan
22%
Czech RepublicZlín
22%
El SalvadorAhuachapán
11%
East TimorAileu
11%
East TimorAinaro
11%
DjiboutiAli Sabieh
11%
Equatorial GuineaAnnobón
11%
EritreaAnseba
11%
ChileAraucanío
11%
DjiboutiArta
11%
Dominican RepublicAzua
11%
EcuadorAzuay
11%
Dominican RepublicBaoruco
11%
Dominican RepublicBarahona
11%
East TimorBaucau
11%
EthiopiaBenishangul-Gumuz
11%
EgyptBeni Suef
11%
Equatorial GuineaBioko Norte
11%
Equatorial GuineaBioko Sur
11%
East TimorBobonaro
11%
El SalvadorCabañas
11%
EcuadorCañar
11%
EcuadorCarchi
11%
FinlandCentral Ostrobothnia
11%
GambiaCentral River
11%
Equatorial GuineaCentro Sur
11%
El SalvadorChalatenango
11%
EcuadorCotopaxi
11%
East TimorCovalima
11%
El SalvadorCuscatlán
11%
Dominican RepublicDajabón
11%
EgyptDakahlia
11%
EritreaDebub
11%
DjiboutiDikhil
11%
Dominican RepublicDistrito Nacional
11%
Equatorial GuineaDjibloho
11%
Dominican RepublicDuarte
11%
Dominican RepublicElías Piña
11%
EcuadorEl Oro
11%
Dominican RepublicEl Seibo
11%
East TimorErmera
11%
EcuadorEsmeraldas
11%
Dominican RepublicEspaillat
11%
GabonEstuaire
11%
EgyptFaiyum
11%
EcuadorGalápagos
11%
EthiopiaGambela
11%
EritreaGash-Barka
11%
EgyptGharbia
11%
EcuadorGuayas
11%
GeorgiaGuria
11%
EstoniaHarju
11%
Dominican RepublicHato Mayor
11%
GabonHaut-Ogooué
11%
Dominican RepublicHermanas Mirabal
11%
EswatiniHhohho
11%
EstoniaHiiu
11%
Czech RepublicHlvaní Mĕsto
11%
EstoniaIda-Viru
11%
EcuadorImbabura
11%
GeorgiaImereti
11%
EstoniaJärva
11%
EstoniaJõgeva
11%
EgyptKafr El Sheikh
11%
FinlandKainuu
11%
GeorgiaKakheti
11%
Equatorial GuineaKié-Ntem
11%
GeorgiaKvemo Kartli
11%
FinlandKymenlaakso
11%
Dominican RepublicLa Altagracia
11%
EstoniaLääne
11%
EstoniaLääne-Viru
11%
El SalvadorLa Libertad
11%
FinlandLapland
11%
Dominican RepublicLa Romana
11%
El SalvadorLa Unión
11%
East TimorLautém
11%
Dominican RepublicLa Vega
11%
East TimorLiquiçá
11%
Equatorial GuineaLitoral
11%
EcuadorLoja
11%
GambiaLower River
11%
EswatiniLubombo
11%
EritreaMaekel
11%
EcuadorManabí
11%
East TimorManatuto
11%
East TimorManufahi
11%
EswatiniManzini
11%
Dominican RepublicMaría Trinidad Sánchez
11%
EgyptMatruh
11%
EgyptMinya
11%
Dominican RepublicMonseñor Nouel
11%
Dominican RepublicMonte Cristi
11%
Dominican RepublicMonte Plata
11%
El SalvadorMorazán
11%
EcuadorMorona Santiago
11%
GabonMoyen-Ogooué
11%
GeorgiaMtskheta-Mtianeti
11%
EcuadorNapo
11%
GabonNgounié
11%
GambiaNorth Bank
11%
EritreaNorthern Red Sea
11%
FinlandNorthern Savonia
11%
FinlandNorth Ostrobothnia
11%
GabonNyanga
11%
DjiboutiObock
11%
East TimorOecusse
11%
GabonOgooué-Ivindo
11%
GabonOgooué-Lolo
11%
GabonOgooué-Maritime
11%
EcuadorOrellana
11%
FinlandPäijänne Tavastia
11%
EcuadorPastaza
11%
Dominican RepublicPedernales
11%
Dominican RepublicPeravia
11%
EcuadorPichincha
11%
FinlandPirkanmaa
11%
EstoniaPõlva
11%
Dominican RepublicPuerto Plata
11%
GeorgiaRacha-Lechkhumi and Kvemo Svaneti
11%
EstoniaRapla
11%
FijiRotuma
11%
DominicaSaint David
11%
DominicaSaint George
11%
DominicaSaint John
11%
DominicaSaint Joseph
11%
DominicaSaint Luke
11%
DominicaSaint Mark
11%
DominicaSaint Patrick
11%
DominicaSaint Paul
11%
DominicaSaint Peter
11%
Dominican RepublicSamaná
11%
GeorgiaSamegrelo-Zemo Svaneti
11%
GeorgiaSamtskhe-Javakheti
11%
Dominican RepublicSánchez Ramírez
11%
Dominican RepublicSan Cristóbal
11%
Dominican RepublicSan José de Ocoa
11%
El SalvadorSan Miguel
11%
Dominican RepublicSan Pedro de Macorís
11%
El SalvadorSanta Ana
11%
EcuadorSanta Elena
11%
Dominican RepublicSantiago Rodríguez
11%
EcuadorSanto Domingo de los Tsáchilas
11%
El SalvadorSan Vicente
11%
FinlandSatakunta
11%
EgyptSharqia
11%
GeorgiaShida Kartli
11%
EswatiniShiselweni
11%
El SalvadorSonsonate
11%
EritreaSouthern Red Sea
11%
FinlandSouthern Savonia
11%
FinlandSouth Ostrobothnia
11%
EcuadorSucumbíos
11%
DjiboutiTadjourah
11%
FinlandTavastia Proper
11%
EcuadorTungurahua
11%
GambiaUpper River
11%
El SalvadorUsulután
11%
FinlandUusimaa
11%
EstoniaValga
11%
Dominican RepublicValverde
11%
EstoniaViljandi
11%
East TimorViqueque
11%
EstoniaVõru
11%
Equatorial GuineaWele-Nzas
11%
GabonWoleu-Ntem
11%
EcuadorZamora-Chinchipe
11%

Score Distribution

Percentile by Number Answered

Percent of People with Each Score

Your Score History

You have not taken this quiz